| 000 | 00536nam a2200181Ia 4500 | ||
|---|---|---|---|
| 001 | 24986 | ||
| 005 | 20260414151120.0 | ||
| 008 | 260414t2004||||xx |||||||||||||| ||spa|| | ||
| 041 | _aESP | ||
| 082 |
_a346.09 _bL45 |
||
| 100 |
_aLeón, Leysser L. _eAUT |
||
| 245 | 0 |
_aEl sentido de la codificación civil : _bestudios sobre la circulación de los modelos jurídicos y su influencia en el Código Civil peruano |
|
| 260 | _c2004 | ||
| 300 |
_a338 páginas : _c20 cm. |
||
| 650 | _aDER | ||
| 654 | _aCDE | ||
| 942 |
_cLIB _dJUS _fJUS _2ddc _n |
||
| 999 |
_c24986 _d24986 |
||